| 000 | 00552nam a2200181Ia 4500 | ||
|---|---|---|---|
| 008 | 100917s9999 xx 000 0 und d | ||
| 082 | _b55618 | ||
| 100 | _aडांगळे अर्जुन | ||
| 245 | _aही बांधावरची माणस | ||
| 260 |
_bमागोवा प्रकाशन _c1979 |
||
| 300 | _a102 | ||
| 365 | _b8 | ||
| 520 | _aकथा | ||
| 630 | _aही बांधावरची माणस | ||
| 650 | _aकथा | ||
| 730 | _aही बांधावरची माणस | ||
| 942 | _cBOOK | ||
| 999 |
_c661012 _d661009 |
||